000 00326nam a22001337a 4500
003 OSt
005 20231124153057.0
008 231124b |||||||| |||| 00| 0 eng d
040 _cCO-JMCR
082 _aC /
_bCHAp
100 _aCharles Perrault
_eautor
_942932
245 _aCenicienta /
_cCharles Perrault
942 _2ddc
_cBK
999 _c30327
_d16711